Psikologi asuhan keluarga

Bibliographic Details
Main Author: Abdullah Hassan
Other Authors: Ainon Mohd
Format: Book
Published: Kuala Lumpur : Pts publications & distributors , 2000
Series:Siri komunikasi
Subjects:

MARC

LEADER 00000cam a2200000 7i4500
001 0000012498
005 20220317.0
020 |a 9832311721 (Jid.3) 
040 |a INS 
090 0 0 |a BF637.C45.   |b A23 2000 
100 0 |a Abdullah Hassan 
245 1 0 |a Psikologi asuhan keluarga   |c Abdullah Hassan & Ainon Mohd 
260 |a Kuala Lumpur :   |b Pts publications & distributors ,   |c 2000 
300 |a iv, 255p. ;   |c 22cm. 
440 |a Siri komunikasi 
650 0 |a Communication in marriage 
650 0 |a Communication in the family 
650 0 |a Interpersonal relations 
700 0 |a Ainon Mohd 
999 |a 0000012182   |b BOOK   |c Open Shelf   |e Default branch